[Event "Bad Woerishofen op"]
[Site "Bad Woerishofen"]
[Date "2001.??.??"]
[Round "2"]
[White "Mijatovic, Vladimir"]
[Black "Polushkina, Svetlana"]
[Result "1-0"]
[WhiteElo "1734"]
[BlackElo "2160"]
[Annotator "ChessOrg"]
[PlyCount "63"]
[EventDate "1998.03.05"]
[Source "ChessBase"]
[SourceDate "1998.04.29"]

1. e4 {B18: Caro-Kann (Hauptvariante)} 1... c6 2. d4 d5 3. Nc3 dxe4 4. Nxe4 Bf5
5. Ng3 Bg6 6. Nf3 Nf6 7. h4 h6 8. h5 Bh7 9. Bd3 Bxd3 10. Qxd3 Nbd7 11. Bd2 Qc7
12. c4 12... O-O-O {letzter Buchzug} 13. Qb3 e5 14. O-O-O exd4 15. Nxd4 Nc5 16.
Qc3 Bd6 17. Nge2 Nfe4 18. Qh3+ Kb8 19. Be3 Qa5 20. Kb1 Qb4 21. Qf5 Na4 22. Nb3
Rhe8 (22... Qxc4 $5 $142 23. Bxa7+ 23... Kxa7 $11) 23. Rd4 $14 23... Nac5 24.
Bd2 $4 (24. Nxc5 $142 24... Qxc5 25. Qxf7 $16) 24... Qb6 (24... Nxd2+ $142 25.
Nxd2 25... Na4 $19) 25. Ba5 $18 25... Qa6 $2 (25... Nxb3 26. Bxb6 Nxd4 27. Bxd4
Nd2+ 28. Ka1 Rxe2 29. Bxa7+ 29... Ka8 $18) 26. Nxc5 Nxc5 27. Bxd8 Rxe2 28. Rxd6
Qxc4 29. Ba5 Rxb2+ (29... a6 30. Rhd1 $18) 30. Kxb2 Qb5+ 31. Ka1 Qxa5 32. Qc2 (
32. Qc2 Nb3+ 33. Kb1 $18) (32. Qf4 $142 32... Kc8 33. Rhd1 33... a6 $18) 1-0

[Event "Bad Woerishofen op"]
[Site "Bad Woerishofen"]
[Date "2001.??.??"]
[Round "4"]
[White "Mijatovic, Vladimir"]
[Black "Oud, Niek"]
[Result "0-1"]
[WhiteElo "1734"]
[BlackElo "2170"]
[Annotator "ChessOrg"]
[PlyCount "49"]
[EventDate "1998.03.05"]
[Source "ChessBase"]
[SourceDate "1998.04.29"]

1. e4 {B56: Sizilianisch (Abweichung von Sozin- und Richter/Rauser-Variante)}
1... c5 2. Nf3 Nc6 3. d4 cxd4 4. Nxd4 Nf6 5. Nc3 d6 6. f3 Qb6 7. Nb3 7... a5 {
letzter Buchzug} 8. Bb5 Bd7 9. Qe2 Nb4 10. a4 (10. Bxd7+ $5 10... Nxd7 11. a3
$16) 10... g6 $11 11. Bd3 Bg7 12. Be3 Qc7 13. Bd4 O-O 14. O-O e5 15. Bf2 d5 16.
exd5 Nfxd5 17. Nxd5 Nxd5 18. Nc5 Bc6 19. Be4 b6 20. Nb3 f5 21. Bd3 Nf4 22. Qe3
Bd5 23. Rfd1 (23. Rad1 Nxd3 24. Qxd3 24... Bf7 $15) 23... Rab8 (23... e4 $142
24. Bg3 24... Bh6 $17 (24... exd3 25. Bxf4 Qxc2 26. Nd4 Qxb2 27. Qxd3 $17)) 24.
Rac1 $2 (24. Nd2 $11 $142) 24... Bh6 $17 (24... Nxd3 $6 25. Qxd3 Bf7 26. Nd2
$11) 25. Kh1 0-1

[Event "Bad Woerishofen op"]
[Site "Bad Woerishofen"]
[Date "2001.??.??"]
[Round "6"]
[White "Mijatovic, Vladimir"]
[Black "Ries, Berthold"]
[Result "1-0"]
[WhiteElo "1734"]
[BlackElo "2014"]
[Annotator "ChessOrg"]
[PlyCount "49"]
[EventDate "1998.03.05"]
[Source "ChessBase"]
[SourceDate "1998.04.29"]

1. e4 {B90: Sizilianisch (Najdorf-Variante, Abweichungen)} 1... c5 2. Nf3 d6 3.
d4 cxd4 4. Nxd4 Nf6 5. Nc3 a6 6. Be3 e5 7. Nb3 Be6 8. Qd2 Nbd7 9. O-O-O b5 10.
f3 Be7 11. g4 Nb6 12. Qf2 Nfd7 13. h4 {letzter Buchzug} 13... b4 14. Nd5 Bxd5
15. exd5 g5 (15... Qc7 $5 $11) 16. Na5 $16 16... gxh4 17. Nc6 Qc7 18. Nxe7 Kxe7
19. Qxh4+ f6 20. g5 Rac8 21. Qe4 21... Nf8 $2 (21... Ke8 22. Bxa6 Ra8 23. Rxh7
Rxh7 24. Qxh7 $18) 22. Qf5 (22. gxf6+ $5 $142 22... Kf7 23. Bxb6 23... Qxb6 $18
) 22... Nbd7 23. gxf6+ 23... Nxf6 $2 (23... Kd8 $18) 24. Bg5 N8d7 (24... Qxc2+
25. Qxc2 Rxc2+ 26. Kxc2 h5 27. Bxa6 27... N8d7 $18) 25. Qe6+ (25. Qe6+ Kd8 26.
Bxf6+ Nxf6 27. Qxf6+ Qe7 28. Qxh8+ Kc7 29. Qxh7 Qxh7 30. Rxh7+ Kb8 31. Bxa6 $18
) 1-0

[Event "Bad Woerishofen op"]
[Site "Bad Woerishofen"]
[Date "2001.??.??"]
[Round "8"]
[White "Mijatovic, Vladimir"]
[Black "Cassar, Horace"]
[Result "1-0"]
[WhiteElo "1734"]
[BlackElo "2000"]
[Annotator "ChessOrg"]
[PlyCount "143"]
[EventDate "1998.03.05"]
[Source "ChessBase"]
[SourceDate "1998.04.29"]

1. e4 {B90: Sizilianisch (Najdorf-Variante, Abweichungen)} 1... c5 2. Nf3 d6 3.
d4 cxd4 4. Nxd4 Nf6 5. Nc3 a6 6. Be3 Ng4 7. Bg5 h6 8. Bh4 g5 9. Bg3 Bg7 10. Qd2
Nc6 11. Nb3 b5 12. O-O-O {letzter Buchzug} 12... Na5 13. Nd4 Bd7 14. Nd5 Rg8
15. Nf5 Bxf5 16. exf5 16... Bh8 $2 (16... Ne5 17. f6 exf6 18. Ne3 $11) 17. Be2
(17. Nxe7 $142 17... Qxe7 18. Qxa5 $18) 17... Nc4 18. Bxc4 bxc4 19. Rhe1 (19.
Rde1 Ra7 20. h3 20... Ne5 $14) 19... Rb8 $11 20. f6 e6 (20... Nxf6 21. Nxe7 Ne4
22. c3 (22. Rxe4 $2 22... Bxb2+ 23. Kb1 Bc3+ 24. Kc1 Rb1+ 25. Kxb1 Qb6+ 26. Kc1
Qb2#) 22... Nxd2 23. Nc6+ Kd7 24. Nxd8 Rgxd8 25. Rxd2 $14) 21. c3 Ne5 22. Rxe5
dxe5 23. Nc7+ Qxc7 24. Bxe5 Rd8 (24... Qxe5 $4 25. Qd7+ Kf8 26. Qe7#) 25. Bxc7
$16 25... Rxd2 26. Rxd2 Bxf6 27. Rd6 Be7 28. Rxa6 Kd7 29. Be5 Re8 30. Kc2 f6
31. Bd4 e5 32. Be3 Bd6 33. Ra7+ Ke6 34. b4 h5 (34... cxb3+ $5 35. axb3 35... e4
$16) 35. Ra6 Kd5 36. a4 f5 (36... Rc8 $18 $142) 37. Bxg5 e4 38. h4 f4 39. Ra5+
Ke6 40. Ra6 $4 (40. Kd2 40... Rc8 $18) 40... Kd5 41. Kd2 Be5 (41... Rf8 42. Ra7
$18) 42. a5 (42. Ra5+ $142 42... Kd6 43. Rc5 $18) 42... e3+ 43. fxe3 fxe3+ 44.
Bxe3 Bxc3+ 45. Kxc3 Rxe3+ 46. Kd2 Rb3 (46... Rg3 47. Rh6 c3+ 48. Kc1 Rxg2 49.
Rxh5+ Kc4 50. a6 $11) 47. Rb6 Kd4 48. a6 Rb2+ (48... c3+ 49. Kc1 Ra3 50. Kc2
$18) 49. Kc1 Kc3 50. b5 Rxg2 51. Rd6 Ra2 52. Kd1 Kb4 53. Rd5 c3 54. Rxh5 Ra1+
55. Kc2 Ra2+ 56. Kd3 Rd2+ 57. Ke3 Rd1 58. Rh8 c2 59. Rc8 Kxb5 (59... c1=Q+ 60.
Rxc1 60... Rxc1 $18) 60. Rxc2 Kxa6 61. Kf4 Rd5 62. Kg4 Rd4+ 63. Kg5 Rd5+ 64.
Kf6 (64. Kf4 Rd4+ 65. Kg3 Rd3+ 66. Kg2 66... Kb6 $18) 64... Rd6+ 65. Ke5 (65.
Kf5 $5 65... Rd5+ 66. Kf4 Rd4+ 67. Kg3 Rd3+ 68. Kg2 68... Kb6 $18) 65... Rh6
66. Rh2 Kb6 67. Kf5 Kc6 68. Kg5 Rh8 69. h5 Kd6 (69... Kd5 $18) 70. h6 Ke6 71.
h7 Kf7 72. Kh6 (72. Kh6 Rc8 73. Rf2+ Ke6 74. Kg7 $18) 1-0

[Event "Bad Woerishofen op"]
[Site "Bad Woerishofen"]
[Date "2001.??.??"]
[Round "2"]
[White "Minnaar, Michelle"]
[Black "Fabian, Laszlo"]
[Result "1-0"]
[WhiteElo "2029"]
[BlackElo "1800"]
[Annotator "ChessOrg"]
[PlyCount "89"]
[EventDate "1998.03.05"]
[Source "ChessBase"]
[SourceDate "1998.04.29"]

1. d4 {D03: Damenbauernspiele} 1... Nf6 2. Nf3 g6 3. Bg5 Bg7 4. Nbd2 d5 5. e3
O-O 6. Be2 6... h6 {letzter Buchzug} 7. Bh4 Nc6 8. h3 Ne4 9. Nxe4 dxe4 10. Nd2
f5 11. Bg3 (11. Bc4+ 11... Kh8 $14) 11... a6 12. c3 Kh7 13. Qc2 Be6 14. Bh2 Rc8
15. O-O Bg8 16. c4 e6 (16... Nb4 17. Qc3 c5 18. Be5 cxd4 19. exd4 (19. Qxb4
$143 19... Bxe5 20. exd4 20... Qxd4 $17) 19... Bxe5 20. dxe5 $11 (20. Qxb4 $143
20... Qxd4 21. Rab1 Qd6 22. Qxd6 22... exd6 $19)) 17. a3 Ne7 (17... e5 18. d5
Ne7 19. b4 $11) 18. Rfd1 g5 (18... Nc6 19. Nb3 $14) 19. Rac1 Ng6 20. b4 Qe7 21.
Nf1 (21. Nb3 21... e5 $14) 21... Bf7 (21... e5 22. Rd2 $11) 22. Rd2 Nh4 23. Bg3
Bg6 24. Qd1 (24. Rdd1 f4 25. Bxh4 25... gxh4 $11) 24... Qf7 (24... Nxg2 25.
Kxg2 f4 26. exf4 gxf4 27. Bg4 $11) 25. Qe1 (25. d5 exd5 26. Rxd5 26... Qf6 $14)
25... Bf6 (25... Nxg2 $5 26. Kxg2 f4 27. exf4 27... gxf4 $11) 26. Nh2 h5 27.
Bxh4 gxh4 28. f3 (28. Nf1 28... Rcd8 $14) 28... Rg8 29. Qd1 c6 30. c5 Kh6 (
30... Bg5 31. Qb3 $14) 31. Bc4 $16 31... Rcd8 (31... exf3 32. Nxf3 Rce8 33. Qe1
$16) 32. Rf2 (32. Qb3 32... Qe7 $18) 32... f4 33. Qb3 Rge8 (33... fxe3 34.
Qxe3+ Kh7 35. Rd1 $11) 34. Rd1 (34. fxe4 fxe3 35. Qxe3+ 35... Bg5 $16) 34...
Kh7 $2 (34... Qg7 $5 $16 $142) 35. fxe4 $18 35... Bxe4 $2 (35... Qd7 36. Rdf1
e5 37. dxe5 Bxe5 38. exf4 38... Bd4 $18) 36. Rxf4 Qg6 (36... Bxg2 37. Kxg2 Qg7+
38. Kh1 $18) 37. Rxe4 $1 37... Rg8 (37... Qxe4 38. Bd3 $18) 38. Qc2 Kh8 39. Bd3
Qf7 40. Rf1 Qg7 (40... Rdf8 41. Qe2 Kg7 42. Rxh4 Bxh4 43. Rxf7+ Rxf7 44. Qxh5
$18) 41. Ref4 (41. Rxe6 41... Rgf8 $18) 41... Rgf8 42. Qe2 Rd5 (42... Qh6 43.
Rxf6 $1 43... Rxf6 44. Rxf6 Qxf6 45. Qxh5+ Kg8 46. Ng4 $18) 43. Qf3 Rg5 44. Kh1
Rg8 (44... e5 45. Rxf6 Qxf6 46. Qxf6+ Rxf6 47. Rxf6 exd4 48. Nf3 $18) 45. Rxf6
(45. Rxf6 Rd8 46. Qe4 $18) 1-0

[Event "Bad Woerishofen op"]
[Site "Bad Woerishofen"]
[Date "2001.??.??"]
[Round "4"]
[White "Minnaar, Michelle"]
[Black "Foehl, Frithjof"]
[Result "1-0"]
[WhiteElo "2029"]
[BlackElo "1840"]
[Annotator "ChessOrg"]
[PlyCount "115"]
[EventDate "1998.03.05"]
[Source "ChessBase"]
[SourceDate "1998.04.29"]

1. d4 {D03: Damenbauernspiele} 1... Nf6 2. Nf3 g6 3. Bg5 Bg7 4. Nbd2 d5 5. e3
Ne4 6. Bh4 6... h6 {letzter Buchzug} 7. Nxe4 dxe4 8. Nd2 f5 9. Bc4 Nd7 10. c3
Nb6 11. Bb3 Nd5 12. a3 c6 13. h3 O-O 14. c4 Nf6 15. Bxf6 (15. c5+ 15... Nd5 $14
) 15... Bxf6 $11 16. Qc2 c5 17. dxc5 Qc7 18. O-O Qxc5 19. Ba2 Kh7 20. b4 Qe5
21. Rac1 Bd7 22. c5 Rac8 23. Nc4 Qb8 24. Rfd1 Rfd8 25. Qb1 Bb5 26. Nb2 Be2 27.
Rxd8 Rxd8 28. Bc4 $2 (28. Qc2 $142 28... Qe5 29. Nc4 Bxc4 30. Qxc4 $11) 28...
Bxb2 $19 29. Bxe2 Bxc1 30. Qxc1 Rd7 (30... e6 31. Qb2 $19) 31. Qc4 Qg8 32. Qc2
Qd5 33. Bf1 h5 34. h4 e5 35. Qa4 a6 36. Qc2 f4 37. Qc3 (37. a4 a5 38. bxa5 fxe3
39. fxe3 39... Rc7 $19) 37... Qe6 (37... f3 38. Qc4 $19) 38. Qc2 Qf5 39. a4 f3
40. b5 g5 (40... axb5 $5 $142 41. axb5 41... Rd8 $17) 41. bxa6 bxa6 (41... gxh4
42. a7 Rd8 43. Qb1 fxg2 44. Bxg2 $18) 42. c6 Rc7 43. gxf3 (43. hxg5 Qg6 44. Qb1
$17) 43... Qxf3 (43... gxh4 $5 $142 44. Kh2 44... Qg6 $17) 44. Bg2 $11 44...
Qg4 45. hxg5 Kg7 46. Qxe4 46... Qxe4 $4 (46... Qxg5 $142 47. Qd5 47... Rf7 $11)
47. Bxe4 $18 47... Kf7 48. Kg2 Ke6 49. Kg3 Rf7 50. f4 (50. g6 50... Rf8 $18)
50... exf4+ $16 51. exf4 h4+ 52. Kg4 h3 53. g6 53... Rf8 $2 (53... Re7 $142 54.
Kxh3 54... Kf6 $16) 54. Kg5 h2 55. g7 Rg8 (55... Re8 56. Kg6 Kd6 57. Bh1 $18)
56. Kg6 Rc8 (56... Re8 57. Bf3 $18) 57. Kh7 Rc7 58. Kh8 (58. Kh8 Rc8+ 59. g8=Q+
Rxg8+ 60. Kxg8 $18) 1-0

[Event "Bad Woerishofen op"]
[Site "Bad Woerishofen"]
[Date "2001.??.??"]
[Round "6"]
[White "Minnaar, Michelle"]
[Black "Popitz, Andreas"]
[Result "1/2-1/2"]
[WhiteElo "2029"]
[BlackElo "2188"]
[Annotator "ChessOrg"]
[PlyCount "97"]
[EventDate "1998.03.05"]
[Source "ChessBase"]
[SourceDate "1998.04.29"]

1. d4 {D03: Damenbauernspiele} 1... d5 2. Nf3 Nf6 3. Bg5 e6 4. Nbd2 Be7 5. e3
O-O 6. Bd3 b6 7. O-O {letzter Buchzug} 7... c5 8. c3 Ba6 9. Qe2 Qc8 10. Ne5
Bxd3 11. Qxd3 Qa6 12. Qxa6 Nxa6 13. f4 Rac8 14. Rac1 Rc7 15. f5 b5 16. fxe6
fxe6 17. a3 Rfc8 18. Nb3 c4 19. Nd2 Nb8 20. Rce1 Nbd7 21. Nxd7 Rxd7 22. e4 a5
23. exd5 exd5 24. Rf3 b4 25. axb4 axb4 26. Bxf6 (26. Rfe3 26... Kf8 $14) 26...
Bxf6 $15 27. Nf1 Ra8 28. g3 Ra2 29. Rf2 bxc3 30. bxc3 Ra3 31. Re3 h6 32. h4 Rb7
33. Kg2 Rbb3 34. Rff3 Kh7 35. Kh3 Rb2 36. Kg4 Kg6 37. h5+ Kf7 38. Rf5 Rc2 39.
Rff3 (39. Rxd5 $5 39... Rcxc3 40. Rd7+ Kf8 41. Rxc3 Rxc3 42. Nd2 $15) 39... Ra1
40. Kh3 Ra3 41. Kg4 Ra1 (41... Rc1 42. Kf5 $15) 42. Kh3 $11 42... Raa2 43. g4
Rf2 44. Kg3 Rxf3+ 45. Rxf3 Rc2 46. Kh3 Ke6 47. Ng3 Rd2 48. Nf5 Rd3 49. Kg3
1/2-1/2

[Event "Bad Woerishofen op"]
[Site "Bad Woerishofen"]
[Date "2001.??.??"]
[Round "8"]
[White "Minnaar, Michelle"]
[Black "Matzat, Andre"]
[Result "0-1"]
[WhiteElo "2029"]
[BlackElo "2245"]
[Annotator "ChessOrg"]
[PlyCount "74"]
[EventDate "1998.03.05"]
[Source "ChessBase"]
[SourceDate "1998.04.29"]

1. d4 {D13: Damengambit (Slawische Verteidigung, Abtauschvariante)} 1... c5 2.
c3 cxd4 3. cxd4 d5 4. Nc3 Nc6 5. Nf3 Nf6 6. e3 6... Bg4 {letzter Buchzug} 7.
Be2 e6 8. h3 Bxf3 9. Bxf3 Bd6 10. O-O O-O 11. Bd2 a6 12. Rc1 Qe7 13. a3 Rfc8
14. Qe2 Qd8 15. b4 b5 16. Rc2 Nd7 17. Rfc1 Nb6 18. Nd1 Nc4 19. Nb2 Rcb8 (19...
a5 20. Nxc4 bxc4 21. b5 Bxa3 22. bxc6 Bxc1 23. Rxc1 Rxc6 24. e4 $15) 20. Be1 (
20. Nxc4 bxc4 21. Rxc4 dxc4 22. Bxc6 22... Ra7 $16) 20... a5 (20... Qc7 21. Kh1
$11) 21. Nd3 (21. Nxc4 $5 $142 21... bxc4 22. Rxc4 dxc4 23. Bxc6 $14) 21... Qe7
$15 22. bxa5 Bxa3 23. Ra1 b4 (23... N6xa5 24. Bxa5 Rxa5 25. e4 dxe4 26. Qxe4
$17) 24. Qd1 $2 (24. Rxc4 $142 24... dxc4 25. Nxb4 Bxb4 26. Bxc6 $15) 24...
N6xa5 $19 25. Re2 f5 26. g4 g6 27. Bg2 b3 28. f3 (28. gxf5 gxf5 29. Rb1 29...
Bd6 $17) 28... Nc6 (28... b2 $5 29. Rb1 fxg4 30. fxg4 $17) 29. Rb1 $17 29... b2
30. Bc3 Rb5 31. e4 Qa7 32. Nf4 (32. Nf2 32... Bd6 $19) 32... e5 33. Ne6 (33.
Nxd5 exd4 (33... Nxd4 34. Bxd4 Qxd4+ 35. Qxd4 exd4 36. Nc7 $17) 34. Be1 d3+ 35.
Rf2 d2 36. Bxd2 Nxd2 37. Qxd2 37... Bc5 $19) 33... exd4 34. Bd2 (34. Be1 dxe4
35. fxe4 fxg4 36. Bf2 $19) 34... d3+ 35. Rf2 Nd4 (35... Nxd2 $6 36. Qxd2 Ne5
37. Kh1 dxe4 38. fxe4 fxg4 39. Rff1 $19) 36. Nxd4 (36. Nf4 Bc5 (36... Nxd2 $143
37. Qxd2 Bc5 38. Kh1 $19) 37. Nxd3 Nxd2 38. Qxd2 38... Qa1 $19) 36... Qxd4 37.
Be1 (37. Bg5 Bc5 38. Kh1 Qxf2 39. Qxd3 39... Qd4 $19) 37... Bc5 (37... Bc5 38.
exf5 38... Ra1 $19) 0-1

[Event "Bad Woerishofen op"]
[Site "Bad Woerishofen"]
[Date "2001.??.??"]
[Round "2"]
[White "Moehring, Norbert"]
[Black "Sanna, Giuseppe"]
[Result "1-0"]
[WhiteElo "1905"]
[BlackElo "1620"]
[Annotator "ChessOrg"]
[PlyCount "93"]
[EventDate "1998.03.05"]
[Source "ChessBase"]
[SourceDate "1998.04.29"]

1. b4 {A00: Unregelmaessige Eroeffnungen} 1... d5 2. Bb2 Bf5 3. e3 {
letzter Buchzug} 3... Nd7 4. c4 c6 5. Nf3 e6 6. Be2 (6. b5 6... Qb6 $11) 6...
Ngf6 (6... Bxb4 $4 7. Bxg7 dxc4 8. Bxc4 $18) 7. c5 Be7 8. O-O Qc7 9. a4 (9. d4
9... O-O $11) 9... O-O (9... a5 10. bxa5 Nxc5 11. d4 $17) 10. Nh4 Bg6 (10...
Bxb1 11. Rxb1 a5 12. bxa5 Bxc5 13. a6 bxa6 14. d4 $17) 11. Nxg6 hxg6 (11...
fxg6 12. d4 $11) 12. f4 (12. d4 12... Rfe8 $14) 12... e5 (12... a5 13. d4 axb4
14. Nd2 $15) 13. Qe1 (13. fxe5 Nxe5 14. d4 14... Ned7 $14) 13... Rfe8 (13...
exf4 14. Rxf4 a5 15. d4 $11) 14. fxe5 $14 14... Nxe5 15. Qg3 Bd8 16. Na3 Ne4
17. Qe1 Qe7 18. Nc2 Bc7 19. Nd4 (19. d3 19... Nf6 $14) 19... Qg5 20. Nf3 Nxf3+
21. Rxf3 Be5 22. Bxe5 Rxe5 (22... Qxe5 23. Rb1 $11) 23. h4 Qe7 24. Rh3 (24. a5
24... Re8 $14) 24... Nf6 25. Qg3 (25. a5 25... Re8 $11) 25... Re8 26. Rf1 b6
27. h5 (27. cxb6 Qxb4 28. bxa7 28... Qxa4 $17 (28... Qxd2 $4 29. Qxe5 Rxe5 30.
a8=Q+ Kh7 31. Rf2 $18)) 27... Nxh5 (27... gxh5 $5 $142 28. b5 bxc5 (28... Qxc5
29. Rxf6 cxb5 30. Bxh5 (30. Rxh5 $6 30... Rxe3 31. dxe3 31... Rxe3 $14) (30.
axb5 $6 30... d4 31. Rc6 31... Qb4 $18) 30... Rxh5 31. Rxh5 Qc1+ 32. Kh2 $18)
29. bxc6 29... d4 $17) 28. Qh2 $11 28... f5 (28... bxc5 $142 29. bxc5 29... Qg5
$15 (29... Qxc5 $2 30. d4 Qc2 31. Bd1 $18)) 29. Bxh5 $16 29... gxh5 30. Rxh5
Qf6 (30... bxc5 $4 31. Rh8+ Kf7 32. Qh5+ Kf6 33. Rxe8 Qxe8 34. Rxf5+ Rxf5 35.
Qxe8 cxb4 36. Qxc6+ Kg5 37. Qb7 $18) 31. Rh8+ Kf7 32. Rxe8 Rxe8 (32... Kxe8 33.
Qh8+ Qf8 34. Qxf8+ Kxf8 35. cxb6 axb6 36. g4 $14) 33. cxb6 $16 33... Re7 $2 (
33... axb6 34. Qc7+ Kg6 35. Qxb6 $18) 34. g4 (34. Qh7 Ke6 35. Qg8+ Qf7 36. Qc8+
Ke5 37. Qxc6 Qe6 38. Qc3+ Kd6 39. Qc5+ Ke5 40. bxa7 Re8 41. Qd4+ Kd6 42. Qb6+
Ke7 43. Qb7+ 43... Qd7 $18) 34... g6 35. gxf5 gxf5 36. bxa7 Rxa7 37. a5 (37.
Qh7+ Qg7+ 38. Qxg7+ 38... Kxg7 $18) 37... Ke6 38. Rf4 (38. Rc1 Qg7+ 39. Kh1
39... Kd7 $16) 38... Qg6+ (38... Rg7+ 39. Kf2 Kd7 40. Qh5 $18) 39. Qg2 Qxg2+
40. Kxg2 c5 41. bxc5 Rxa5 42. d4 Ra2+ 43. Rf2 Ra3 (43... Ra1 44. Rc2 $18) 44.
Kf3 Ra8 (44... f4 45. Kxf4 Ra7 46. e4 $18) 45. Rh2 Rg8 (45... Ra1 46. Rh6+ Ke7
47. Kf4 $18) 46. Rh6+ Ke7 47. Rd6 (47. Rd6 Rg1 48. Rxd5 $18) 1-0

[Event "Bad Woerishofen op"]
[Site "Bad Woerishofen"]
[Date "2001.??.??"]
[Round "4"]
[White "Moehring, Norbert"]
[Black "Joachim, Klaus"]
[Result "0-1"]
[WhiteElo "1905"]
[BlackElo "1600"]
[Annotator "ChessOrg"]
[PlyCount "66"]
[EventDate "1998.03.05"]
[Source "ChessBase"]
[SourceDate "1998.04.29"]

1. b4 {A00: Sokolski - Eroeffnung} 1... Nf6 2. Bb2 2... b6 {letzter Buchzug} 3.
Nf3 Bb7 4. e3 d6 5. c4 c5 6. b5 Nbd7 7. Be2 g6 8. O-O Bg7 9. Nc3 O-O 10. Qc2
Qc7 11. a4 Rfd8 12. Ra2 Ng4 (12... d5 13. cxd5 Nxd5 14. Nxd5 Bxd5 15. Ra3 $15)
13. h3 Nge5 14. Nxe5 dxe5 15. Rfa1 Nf6 (15... a5 16. bxa6 Rxa6 17. d3 $11) 16.
a5 $14 16... Qd6 17. d4 $4 (17. d3 $14 $142) 17... exd4 $17 18. exd4 cxd4 19.
Rd1 e5 20. a6 Bc8 21. Bf3 Bf5 22. Qe2 Rac8 23. Bb7 (23. Nd5 Nxd5 24. Bxd5 24...
Be6 $17) 23... Rc7 (23... d3 $5 24. Qd2 Rxc4 25. Raa1 $19) 24. g4 (24. Ba3 $5
24... Qe6 25. Nd5 Nxd5 26. cxd5 Rxd5 27. Bxd5 Qxd5 28. Rb2 $17) 24... Be6 $19
25. Bc6 (25. Ba3 Qd7 26. Bc6 Rxc6 27. bxc6 27... Qxc6 $19) 25... Rcc8 (25... d3
26. Qd2 Bxc4 27. Raa1 $19) 26. Ba3 Qc7 27. Na4 Bd7 28. Bb7 Qxc4 29. Bxc8 (29.
Qxc4 Rxc4 30. Be7 Re8 31. Nxb6 Be6 (31... Rxe7 $6 32. Nxc4 Bxb5 33. Nd6 $11) (
31... Bxb5 $143 32. Bxf6 Bxf6 33. Nxc4 Bxc4 34. Ra5 $15) 32. Bxf6 Rc3 (32...
Bxf6 $143 33. Nxc4 Bxc4 34. b6 $16) 33. Bxg7 33... Bxa2 $17) 29... Qxe2 (29...
Bxb5 30. Qxc4 Bxc4 31. Rc2 Rxc8 32. Rdc1 $19) 30. Rxe2 Bxb5 (30... Rxc8 $6 31.
Rxe5 Nxg4 32. Re7 $17) (30... Bxc8 31. Be7 (31. Rxe5 $6 31... Nd5 32. Rxd5
32... Rxd5 $15) 31... Re8 32. Bxf6 (32. Rxe5 $143 32... Nxg4 33. Rd5 33... Ne5
$17 (33... Rxe7 $143 34. Rd8+ Bf8 35. Rxc8 $16 (35. hxg4 $6 35... Bxg4 36.
R1xd4 36... h5 $11))) 32... Bxf6 33. Rxd4 $16) 31. Red2 $2 (31. Rb2 $142 31...
Bxa4 32. Rc1 $19) 31... Bxa4 (31... Rxc8 32. Nxb6 axb6 33. a7 $19) 32. Rc1 Bh6
33. Rdc2 (33. Be7 Bxd2 34. Rc7 Rxc8 35. Rxc8+ Ne8 36. Ra8 $19) 33... Bxc1 (
33... Bxc1 34. Rxc1 34... d3 $19) (33... Bxc2 $142 34. Rxc2 d3 35. Ra2 Rxc8 36.
Ra1 $19) 0-1

[Event "Bad Woerishofen op"]
[Site "Bad Woerishofen"]
[Date "2001.??.??"]
[Round "6"]
[White "Moehring, Norbert"]
[Black "Thurner, Michael"]
[Result "1-0"]
[WhiteElo "1905"]
[BlackElo "1495"]
[Annotator "ChessOrg"]
[PlyCount "45"]
[EventDate "1998.03.05"]
[Source "ChessBase"]
[SourceDate "1998.04.29"]

1. b4 {A00: Sokolski - Eroeffnung} 1... e5 2. Bb2 2... d6 {letzter Buchzug} 3.
e3 Nf6 4. Nf3 Bg4 5. Be2 Be7 6. h3 Bh5 7. c4 O-O 8. Nc3 Nbd7 9. a4 a5 10. b5
Nc5 (10... e4 11. Ng5 Ne5 12. O-O (12. Ngxe4 $143 12... Nxe4 13. Nxe4 Nd3+ 14.
Bxd3 Bxd1 15. Rxd1 15... c6 $19) 12... Nxc4 13. Bxh5 Nxh5 14. Nxh7 (14. Ncxe4
$2 14... g6 $19 (14... Nxb2 $6 15. Qxh5 h6 16. Nf3 $11)) 14... Kxh7 15. Qxh5+
Kg8 16. Ra2 $11) 11. d4 $14 11... e4 $2 (11... exd4 $5 $142 12. exd4 12... Nce4
$14) 12. dxc5 $16 12... exf3 13. Bxf3 Bxf3 14. Qxf3 (14. gxf3 $6 14... dxc5 15.
Rg1 15... c6 $14) 14... dxc5 15. Rd1 Qc8 16. O-O (16. Qg3 16... c6 $16) 16...
b6 (16... c6 17. Ne2 $14) 17. Rd2 (17. Qg3 $5 17... Ne8 18. Nd5 $16) 17... Qe6
$14 18. Qg3 Bd6 (18... Qxc4 $2 19. Nd5 $1 $18 (19. Qxc7 $6 19... Rad8 20. Rfd1
Rxd2 21. Rxd2 21... Qe6 $14)) 19. f4 g6 20. Qf3 Qxc4 21. e4 21... Ne8 $2 (21...
Be7 $142 22. e5 22... Nh5 $11) 22. e5 $18 22... Be7 $4 (22... Rd8 $142 23. exd6
Rxd6 24. Rxd6 24... Nxd6 $18) 23. Qxa8 (23. Qxa8 Qe6 24. Nd5 $18) 1-0

[Event "Bad Woerishofen op"]
[Site "Bad Woerishofen"]
[Date "2001.??.??"]
[Round "7"]
[White "Moehring, Norbert"]
[Black "Damm, Fabian"]
[Result "0-1"]
[WhiteElo "1905"]
[BlackElo "2144"]
[Annotator "ChessOrg"]
[PlyCount "40"]
[EventDate "1998.03.05"]
[Source "ChessBase"]
[SourceDate "1998.04.29"]

1. b4 {A00: Sokolski - Eroeffnung} 1... c6 2. c4 Nf6 3. Bb2 d5 4. e3 4... Bf5 {
letzter Buchzug} 5. Nf3 e6 6. Be2 (6. a3 dxc4 7. Bxc4 Bd3 8. Bxd3 Qxd3 9. Bxf6
9... gxf6 $11) 6... Nbd7 (6... Bxb4 $5 7. O-O dxc4 8. Bxc4 Bd3 9. Bxd3 9...
Qxd3 $17) 7. Qb3 Be7 8. h3 O-O 9. Nc3 a5 10. cxd5 (10. bxa5 $5 $142 10... Nc5
11. Qb6 dxc4 12. Bxc4 $11) 10... axb4 $19 (10... exd5 $6 11. b5 $11) (10...
cxd5 $6 11. b5 $15) (10... Nxd5 $6 11. Nd4 Bg6 12. Nxd5 cxd5 13. a3 $15) (10...
Bxb4 $6 11. dxe6 Bxe6 12. Qc2 $11) 11. Nd1 Nc5 12. Qc4 exd5 13. Qd4 (13. Qf4
Nd3+ 14. Bxd3 14... Bxd3 $19) 13... Na4 14. g4 (14. Qf4 14... Be4 $19) 14...
Be4 15. Rg1 $4 (15. d3 Bc5 16. Qe5 $19) 15... Bd6 (15... Nxb2 $6 16. Qxb2 Ra3
17. Nd4 $19) 16. g5 (16. d3 c5 17. Qxf6 gxf6 18. dxe4 Nxb2 19. exd5 Nxd1 20.
Rxd1 20... Rxa2 $19) 16... Ne8 (16... Nxb2 17. gxf6 Nxd1 18. Rxg7+ Kh8 19. Bxd1
$17) 17. g6 hxg6 18. Ne5 (18. Rc1 c5 19. Rxc5 Bxc5 20. Qe5 $19) 18... c5 19.
Qxe4 dxe4 20. Bc4 (20. Nc4 Nxb2 21. Ncxb2 21... Be5 $19) 20... Nxb2 (20... Nxb2
21. Nxf7 Qf6 22. Nxb2 Rxf7 23. Bxf7+ 23... Kxf7 $19) 0-1